00884nam a2200193 i 450000100060000000300090000600500170001500700030003200800410003524502410007626000390031730000220035670000280037870000390040671100740044585200320051999900170055195201220056850063ES-MaACL20250831114822.0t|030729s1971 sp ||||1| spa d04aLos cristianos en las revoluciones técnicas y sociales de nuestro tiempob: documentos en la Conferencia Mundial sobre Iglesia y Sociedad (Ginebra, 12-26 diciembre 1966) / c[traducción de Hiber Conteris y Constantino Ruiz Garrido]. aSantander : bSal Terrae, c[1971] a317 p. ; c19 cm.1 aConteris, Hiber.9402821 aRuiz-Garrido, Constantino.91008162 aConferencia Mundial sobre Iglesia y Sociedadd(1966. cGenève)9217 aES-MaACLjC-40010 bR.77431 c50063d50063 00104070aATENEOMbATENEOMcDEPO2d2008-01-17eSCl0oC-40010p1052667r2023-02-23 00:00:00w2023-02-23yMONOGRAFIA